|
|
|
|
| LEADER |
01937nam a2200529 a 4500 |
| 001 |
nkc20152663889 |
| 003 |
CZ PrNK |
| 005 |
20251110101752.0 |
| 007 |
ta |
| 008 |
150209s2014 xr a e 000 0 cze |
| 015 |
|
|
|a cnb002663889
|
| 020 |
|
|
|a 978-80-7417-089-8
|q (brož.)
|
| 035 |
|
|
|a (OCoLC)907527539
|
| 040 |
|
|
|a OLA001
|b cze
|
| 041 |
0 |
|
|a cze
|b eng
|
| 072 |
|
7 |
|a 630
|x Lesnictví
|2 Konspekt
|9 24
|
| 080 |
|
|
|a 582.475.3
|2 MRF
|
| 080 |
|
|
|a 582.623.1
|2 MRF
|
| 080 |
|
|
|a 581.526.425/.426
|2 MRF
|
| 080 |
|
|
|a 630.23
|2 MRF
|
| 080 |
|
|
|a (083.744)
|2 MRF
|
| 100 |
1 |
|
|a Remeš, Jiří,
|d 1973-
|7 mzk2005271960
|4 aut
|
| 245 |
1 |
0 |
|a Obnova a strukturalizace přírodě blízkých porostů ve středních polohách :
|b certifikovaná metodika /
|c Jiří Remeš, Lukáš Bílek
|
| 260 |
|
|
|a Strnady :
|b Výzkumný ústav lesního hospodářství a myslivosti,
|c 2014
|
| 300 |
|
|
|a 36 s. :
|b il. (některé barev.) ;
|c 21 cm
|
| 490 |
1 |
|
|a Certifikované metodiky pro praxi
|
| 490 |
1 |
|
|a Lesnický průvodce,
|x 0862-7657 ;
|v 11/2014
|
| 504 |
|
|
|a Obsahuje bibliografie
|
| 546 |
|
|
|a Anglická resumé
|
| 650 |
0 |
7 |
|a smrk ztepilý
|7 ph162478
|2 czenas
|
| 650 |
0 |
7 |
|a buk lesní
|7 ph137549
|2 czenas
|
| 650 |
0 |
7 |
|a smíšené lesy
|7 ph184856
|2 czenas
|
| 650 |
0 |
7 |
|a obnova lesních porostů
|7 ph136605
|2 czenas
|
| 650 |
0 |
9 |
|a Norway spruce
|2 eczenas
|
| 650 |
0 |
9 |
|a European beech
|2 eczenas
|
| 650 |
0 |
9 |
|a mixed forests
|2 eczenas
|
| 650 |
0 |
9 |
|a afforestation
|2 eczenas
|
| 655 |
|
7 |
|a certifikované metodiky
|7 fd806827
|2 czenas
|
| 655 |
|
9 |
|a certified methodology
|2 eczenas
|
| 700 |
1 |
|
|a Bílek, Lukáš
|7 ola2003209092
|4 aut
|
| 810 |
2 |
|
|a Výzkumný ústav lesního hospodářství a myslivosti.
|t Metodiky
|0 s
|
| 830 |
|
0 |
|a Lesnický průvodce
|0 s
|
| 910 |
2 |
|
|a BOA001
|b 2-1344.151
|
| 990 |
|
|
|a BK
|
| 995 |
|
|
|a 01
|
| 991 |
|
|
|b 201503
|c NOV
|e n
|
| 996 |
6 |
|
|b 2610627587
|c 2-1344.151
|l MZK
|r Sklad / do 1 hodiny
|n 2
|p p.v.
|w 001498043
|u 000010
|a 1
|e BOA001
|j MZK50
|s P
|